[Event "Peristeri NM 1st"]
[Site "Peristeri"]
[Date "2018.05.04"]
[Round "1"]
[White "Spyropoulos, Nikolaos"]
[Black "Giordos, Vasilios"]
[Result "1-0"]
[WhiteElo "2183"]
[BlackElo "2060"]
[PlyCount "123"]
[EventDate "2018.05.04"]
[EventType "tourn"]
[EventRounds "9"]
[EventCountry "GRE"]
[SourceTitle "EXT 2019"]
[Source "ChessBase"]
[SourceDate "2018.10.10"]
[SourceVersion "1"]
[SourceVersionDate "2018.10.10"]
[SourceQuality "1"]

1. e4 c6 2. d4 d5 3. e5 Bf5 4. h4 h5 5. Bd3 Bxd3 6. Qxd3 e6 7. Bg5 Qb6 8. Nd2 c5 9. c4 Qxb2 10. Rb1 Qxd4 11. Qxd4 cxd4 12. cxd5 exd5 13. Rxb7 Nd7 14. Ngf3 f6 15. exf6 gxf6 16. Bf4 Nc5 17. Rb8+ Rxb8 18. Bxb8 a6 19. Nxd4 Rh7 20. 0-0 Rb7 21. Bf4 Rb2 22. Nb1 Rxa2 23. Nc3 Rb2 24. Nxd5 Kf7 25. Ra1 Ne7 26. Nxe7 Bxe7 27. Be3 Bf8 28. g3 Rb4 29. Ne2 Ra4 30. Rc1 Ne6 31. Rb1 Bb4 32. Nc1 a5 33. Nd3 Ke7 34. Kg2 Kd6 35. Rd1 Ke7 36. Rb1 Kd7 37. Rd1 Kc6 38. g4 hxg4 39. h5 Nf8 40. Rc1+ Kd6 41. Nxb4 axb4 42. Bc5+ Ke6 43. Bxf8 Kf7 44. Bc5 b3 45. Rc3 Ra5 46. Bb4 Rxh5 47. Rxb3 Rb5 48. Rb2 f5 49. Bc3 Rc5 50. Bd2 Ke6 51. Be3 Ra5 52. Kg3 Ra4 53. Rb6+ Kd5 54. Rb8 Ke6 55. Re8+ Kf6 56. Rd8 Ke7 57. Rd4 Ra5 58. Kf4 Ke6 59. Rb4 Rd5 60. Rb6+ Kf7 61. Rc6 Rd3 62. Rc5 1-0

[Event "Peristeri NM 1st"]
[Site "Peristeri"]
[Date "2018.05.01"]
[Round "5"]
[White "Louka, Magdalini"]
[Black "Giordos, Vasilios"]
[Result "0-1"]
[WhiteElo "1796"]
[BlackElo "2060"]
[PlyCount "48"]
[EventDate "2018.05.04"]
[EventType "tourn"]
[EventRounds "9"]
[EventCountry "GRE"]
[SourceTitle "EXT 2019"]
[Source "ChessBase"]
[SourceDate "2018.10.10"]
[SourceVersion "1"]
[SourceVersionDate "2018.10.10"]
[SourceQuality "1"]

1. e4 c6 2. d4 d5 3. Nc3 dxe4 4. Nxe4 Bf5 5. Ng3 Bg6 6. Nf3 e6 7. Bd3 Bxd3 8. Qxd3 Nf6 9. 0-0 Be7 10. b3 0-0 11. c4 c5 12. Bb2 Nc6 13. Rad1 Qa5 14. Bc3 Qb6 15. Ne4 cxd4 16. Nxd4 Rfd8 17. Qe3 Ng4 18. Qg3 Nxd4 19. Qxg4 f5 20. Qh5 fxe4 21. Rfe1 Qc5 22. Qg4 Qf5 23. Qxe4 Qxe4 24. Rxe4 Ne2+ 0-1

[Event "World Amateur-ch"]
[Site "Chalkidiki"]
[Date "2015.04.20"]
[Round "8"]
[White "Giordos, Vasilios"]
[Black "Soilemetzidis, Konstantinos"]
[Result "1-0"]
[WhiteElo "1913"]
[BlackElo "1900"]
[PlyCount "62"]
[EventDate "2015.04.14"]
[EventType "team-swiss"]
[EventRounds "9"]
[EventCountry "GRE"]
[SourceTitle "CBM 166 Extra"]
[Source "ChessBase"]
[SourceDate "2015.06.18"]
[SourceVersion "1"]
[SourceVersionDate "2015.06.18"]
[SourceQuality "1"]

1. e4 g6 2. d4 Bg7 3. Nc3 d6 4. Be3 a6 5. Qd2 Nd7 6. h4 h5 7. 0-0-0 b5 8. f3 Bb7 9. Nh3 c5 10. dxc5 Nxc5 11. Ng5 b4 12. Nd5 Rc8 13. Kb1 Nh6 14. Bd4 e5 15. Be3 a5 16. Bb5+ Bc6 17. Bc4 Rb8 18. Rhg1 f6 19. Bxc5 fxg5 20. Bb6 Rxb6 21. Nxb6 Nf7 22. Nd5 gxh4 23. Qf2 Rf8 24. Qb6 Bxd5 25. Qb5+ Ke7 26. Rxd5 Qc7 27. Bb3 Ra8 28. Rgd1 Kf6 29. Qc4 Qb6 30. Rb5 Qa7 31. Qe6+ Kg5 1-0

[Event "World Amateur-ch"]
[Site "Chalkidiki"]
[Date "2015.04.18"]
[Round "6"]
[White "Giordos, Vasilios"]
[Black "Papasimakopoulos, Vasilios"]
[Result "1-0"]
[WhiteElo "1913"]
[BlackElo "1993"]
[PlyCount "99"]
[EventDate "2015.04.14"]
[EventType "team-swiss"]
[EventRounds "9"]
[EventCountry "GRE"]
[SourceTitle "CBM 166 Extra"]
[Source "ChessBase"]
[SourceDate "2015.06.18"]
[SourceVersion "1"]
[SourceVersionDate "2015.06.18"]
[SourceQuality "1"]

1. e4 e6 2. d4 d5 3. Nc3 Bb4 4. exd5 exd5 5. Bd3 Nc6 6. a3 Bxc3+ 7. bxc3 Nge7 8. Qf3 Be6 9. Ne2 Qd7 10. Nf4 0-0-0 11. 0-0 Bf5 12. a4 g6 13. a5 Bxd3 14. Nxd3 Qf5 15. Qg3 h5 16. h4 Qg4 17. Qxg4+ hxg4 18. g3 Nf5 19. Bf4 Rde8 20. Rfb1 f6 21. Nc5 Nd8 22. Ra2 Rh7 23. Rab2 c6 24. Kg2 Ree7 25. Kf1 Ne6 26. Nxe6 Rxe6 27. Re1 Rhe7 28. Rxe6 Rxe6 29. Rb1 Re4 30. Re1 Rxe1+ 31. Kxe1 Kd7 32. Bb8 a6 33. Ke2 Nd6 34. Bxd6 Kxd6 35. Kd3 Kc7 36. c4 b6 37. c5 bxc5 38. dxc5 Kd7 39. Ke3 Ke6 40. Kf4 d4 41. Kxg4 Kd5 42. Kf3 Kxc5 43. g4 Kc4 44. Ke2 Kd5 45. h5 gxh5 46. gxh5 Ke6 47. Kd3 Kf5 48. Kxd4 Kg5 49. Kc5 Kxh5 50. Kb6 1-0

[Event "Nikea Fysiolatriko-A 11th"]
[Site "Nikea"]
[Date "2013.06.21"]
[Round "3"]
[White "Bitsanis, Georgios"]
[Black "Giordos, Vasilios"]
[Result "0-1"]
[WhiteElo "1635"]
[BlackElo "1947"]
[PlyCount "90"]
[EventDate "2013.06.19"]
[EventType "swiss"]
[EventRounds "9"]
[EventCountry "GRE"]
[SourceTitle "EXT 2024"]
[Source "ChessBase"]
[SourceDate "2023.10.10"]
[SourceVersion "1"]
[SourceVersionDate "2023.10.10"]
[SourceQuality "1"]

1. e4 c5 2. Nf3 d6 3. d4 cxd4 4. Nxd4 Nf6 5. Nc3 a6 6. Be3 e5 7. Nb3 Be7 8. Qd2 Ng4 9. g3 Be6 10. 0-0-0 Nxe3 11. Qxe3 Nd7 12. f4 0-0 13. Be2 b5 14. Kb1 Qc7 15. h4 Nb6 16. Rdg1 b4 17. Nd1 a5 18. f5 Bxb3 19. Qxb3 Rfc8 20. Ne3 Qc6 21. Bd3 Qc5 22. Be2 Ra7 23. Rc1 Bf8 24. Nd5 Nxd5 25. Qxd5 Qxd5 26. exd5 Rc5 27. Rcd1 g6 28. f6 Bh6 29. Rd3 Rac7 30. Bd1 Rc4 31. b3 Rc3 32. Re1 R7c5 33. Rxc3 Rxc3 34. g4 Bf4 35. Rh1 h6 36. Be2 Re3 37. Bd1 Kh7 38. Kb2 g5 39. h5 e4 40. Kb1 Kg8 41. Rg1 Kf8 42. Rh1 Ke8 43. Rg1 Kd7 44. Rh1 Kc7 45. Rg1 Kb6 0-1

[Event "Ambelokipi op 132th"]
[Site "Athens"]
[Date "2013.04.06"]
[Round "4"]
[White "Drakos, Konstantinos"]
[Black "Giordos, Vasilios"]
[Result "0-1"]
[WhiteElo "1624"]
[BlackElo "1935"]
[PlyCount "120"]
[EventDate "2013.03.11"]
[EventType "swiss"]
[EventRounds "7"]
[EventCountry "GRE"]
[SourceTitle "EXT 2024"]
[Source "ChessBase"]
[SourceDate "2023.10.10"]
[SourceVersion "1"]
[SourceVersionDate "2023.10.10"]
[SourceQuality "1"]

1. Nf3 c5 2. g3 Nf6 3. Bg2 Nc6 4. 0-0 d5 5. d3 e6 6. Nbd2 Bd6 7. e4 0-0 8. Re1 Qc7 9. c3 b6 10. Qe2 dxe4 11. dxe4 e5 12. Nf1 h6 13. Ne3 Be6 14. Nh4 Ne7 15. Nc4 Rad8 16. h3 g5 17. Nf5 Nxf5 18. exf5 Bxf5 19. Qf3 Qc8 20. Ne3 Bxh3 21. Qxf6 Qe6 22. Qxe6 Bxe6 23. Be4 f5 24. Bd5 Kf7 25. Bxe6+ Kxe6 26. Nc4 f4 27. gxf4 gxf4 28. Nxd6 Rxd6 29. f3 Rd3 30. Kf2 Kf6 31. c4 Rg8 32. Ke2 Rd4 33. b3 Rg2+ 34. Kf1 Rh2 35. Kg1 Rc2 36. Rb1 Rxa2 37. Bb2 Rd2 38. Bxe5+ Kf5 39. Bc3 Rg2+ 40. Kh1 Rh2+ 41. Kg1 Rag2+ 42. Kf1 Rc2 43. Kg1 Rhg2+ 44. Kh1 Rg3 45. Re5+ Kg6 46. Ba1 Rxf3 47. Rd1 Rh3+ 48. Kg1 Rg3+ 49. Kh1 Rg5 50. Rd6+ Kh5 51. Re1 Rg3 52. Re5+ Kg4 53. Rg6+ Kf3 54. Rxg3+ fxg3 55. Re1 h5 56. Bf6 h4 57. Bxh4 Rh2+ 58. Kg1 Rxh4 59. Re7 Rd4 60. Rf7+ Ke2 0-1

[Event "Ambelokipi op 132th"]
[Site "Athens"]
[Date "2013.03.30"]
[Round "3"]
[White "Giordos, Vasilios"]
[Black "Markantonaki, Haritomeni"]
[Result "0-1"]
[WhiteElo "1935"]
[BlackElo "2175"]
[PlyCount "88"]
[EventDate "2013.03.11"]
[EventType "swiss"]
[EventRounds "7"]
[EventCountry "GRE"]
[SourceTitle "EXT 2024"]
[Source "ChessBase"]
[SourceDate "2023.10.10"]
[SourceVersion "1"]
[SourceVersionDate "2023.10.10"]
[SourceQuality "1"]

1. e4 c5 2. Nf3 e6 3. d4 cxd4 4. Nxd4 Nc6 5. Nc3 Qc7 6. Be3 a6 7. g3 Nf6 8. Bg2 Be7 9. 0-0 Ne5 10. Bf4 d6 11. a4 0-0 12. Nb3 b6 13. Nd2 Bb7 14. Qe2 Rac8 15. h3 Rfd8 16. Be3 Nfd7 17. f4 Nc4 18. Nxc4 Qxc4 19. Rf2 Bf6 20. e5 Qxe2 21. Rxe2 Bxg2 22. exf6 Bxh3 23. fxg7 Kxg7 24. a5 b5 25. Na2 Nc5 26. Nb4 Ra8 27. Bd4+ f6 28. Kh2 Bg4 29. Re3 h5 30. Kg2 Bf5 31. Kf3 Kf7 32. Rae1 Rg8 33. Rc3 Rgc8 34. Kg2 Be4+ 35. Kf2 Bb7 36. Rce3 Re8 37. Rg1 Ne4+ 38. Ke2 Rg8 39. Kd3 d5 40. Bc3 h4 41. Be1 Rg4 42. Kd4 hxg3 43. Bxg3 Rag8 44. Rh1 Rxg3 0-1

[Event "World Amateur-ch"]
[Site "Neos Marmaras"]
[Date "2012.04.21"]
[Round "8"]
[White "Perez, Laura"]
[Black "Giordos, Vasilios"]
[Result "1-0"]
[WhiteElo "1929"]
[BlackElo "1959"]
[PlyCount "47"]
[EventDate "2012.04.16"]
[EventType "swiss"]
[EventRounds "9"]
[EventCountry "GRE"]
[SourceTitle "CBM 148 Extra"]
[Source "ChessBase"]
[SourceDate "2012.06.22"]
[SourceVersion "1"]
[SourceVersionDate "2012.06.22"]
[SourceQuality "1"]

1. d4 c5 2. c3 e6 3. Nf3 Nf6 4. Bg5 d5 5. e3 Nc6 6. Nbd2 Be7 7. Bd3 Qb6 8. Rb1 Bd7 9. 0-0 0-0 10. Ne5 Rad8 11. f4 cxd4 12. exd4 Nxd4 13. cxd4 Qxd4+ 14. Kh1 h6 15. Bh4 g5 16. Nb3 Qa4 17. fxg5 Qxh4 18. gxf6 Bxf6 19. Ng4 Bg7 20. g3 Qg5 21. h4 Qe7 22. Qd2 h5 23. Nf6+ Bxf6 24. Qh6 1-0

[Event "World Amateur-ch"]
[Site "Neos Marmaras"]
[Date "2012.04.16"]
[Round "1"]
[White "Velizhanin, Alexandr"]
[Black "Giordos, Vasilios"]
[Result "0-1"]
[WhiteElo "1677"]
[BlackElo "1959"]
[PlyCount "122"]
[EventDate "2012.04.16"]
[EventType "swiss"]
[EventRounds "9"]
[EventCountry "GRE"]
[SourceTitle "CBM 148 Extra"]
[Source "ChessBase"]
[SourceDate "2012.06.22"]
[SourceVersion "1"]
[SourceVersionDate "2012.06.22"]
[SourceQuality "1"]

1. Nc3 d5 2. e4 d4 3. Nce2 e5 4. Ng3 Nf6 5. Bc4 a6 6. d3 Bb4+ 7. Bd2 Bxd2+ 8. Qxd2 0-0 9. N1e2 c5 10. 0-0 Nc6 11. a3 Qd6 12. f4 Ng4 13. f5 Ne3 14. Rf3 Nxc4 15. dxc4 f6 16. Nh5 b5 17. cxb5 axb5 18. c3 Na5 19. cxd4 Nc4 20. Qc2 exd4 21. Rg3 Rf7 22. Rd1 Qe7 23. Qb3 Bd7 24. Rg4 Kh8 25. Rh4 Ne3 26. Rc1 c4 27. Qb4 Qxb4 28. axb4 d3 29. Nc3 Bc6 30. Re1 Nc2 31. Rd1 Nxb4 32. Ng3 Rfa7 33. Nf1 Nc2 34. Nd2 Ra1 35. Rxa1 Nxa1 36. Rf4 Nc2 37. Rf1 Kg8 38. Kf2 Kf7 39. g4 h5 40. g5 fxg5 41. e5 Re8 42. e6+ Ke7 43. Nce4 Rf8 44. Kg1 Ne3 45. Re1 Nxf5 46. Nxg5 Nd4 47. Nge4 Nc2 48. Rf1 Rxf1+ 49. Kxf1 Bxe4 50. Nxe4 Kxe6 51. Kf2 Ke5 52. Nd2 g6 53. Nf3+ Kd5 54. Nh4 g5 55. Nf5 b4 56. Ng3 h4 57. Nf1 c3 58. bxc3 bxc3 59. Kf3 Kd4 60. Kf2 g4 61. Kg2 Ne3+ 0-1

[Event "Porto Carras op 5th"]
[Site "Porto Carras"]
[Date "2010.07.12"]
[Round "2"]
[White "Csonka, Balazs"]
[Black "Giordos, Vasilios"]
[Result "1/2-1/2"]
[WhiteElo "2267"]
[BlackElo "1966"]
[PlyCount "176"]
[EventDate "2010.07.11"]
[EventType "swiss"]
[EventRounds "9"]
[EventCountry "GRE"]
[SourceTitle "CBM 137 Extra"]
[Source "ChessBase"]
[SourceDate "2010.09.01"]
[SourceVersion "1"]
[SourceVersionDate "2010.09.01"]
[SourceQuality "1"]

1. a3 e5 2. e3 d5 3. d4 exd4 4. exd4 Nf6 5. Bd3 Bd6 6. Ne2 Bg4 7. 0-0 0-0 8. f3 Bh5 9. Bf4 Bg6 10. Nbc3 c6 11. Bxg6 hxg6 12. Qd2 Qc7 13. Bxd6 Qxd6 14. Qf4 Qxf4 15. Nxf4 Nbd7 16. Nd3 Rfe8 17. Kf2 Re7 18. a4 a5 19. Rfb1 Ne8 20. b4 axb4 21. Nxb4 Nd6 22. a5 Nb8 23. Nbxd5 cxd5 24. Nxd5 Kf8 25. Nxe7 Kxe7 26. c4 Ra7 27. c5 Ne8 28. a6 Nxa6 29. c6 bxc6 30. Rb6 Nec7 31. Rxc6 Kd7 32. Rb6 Ra8 33. h4 Rb8 34. Raxa6 Nxa6 35. Rxa6 Rb2+ 36. Kg3 Rb4 37. Ra7+ Ke8 38. d5 Rb5 39. d6 Rd5 40. Ra8+ Kd7 41. Rg8 Kxd6 42. Rxg7 Ke6 43. Rg8 Rd4 44. Ra8 Rb4 45. Ra6+ Kf5 46. Ra7 Kf6 47. Kh3 Rb3 48. Kg4 Rb4+ 49. f4 Rc4 50. g3 Rc6 51. Ra3 Rb6 52. Kf3 Ke6 53. g4 Kf6 54. g5+ Kg7 55. Kg4 Rb4 56. Rf3 Rb1 57. f5 gxf5+ 58. Kxf5 Rh1 59. Kg4 Rg1+ 60. Kh3 Rh1+ 61. Kg3 Rg1+ 62. Kh2 Rg4 63. Kh3 Rg1 64. Ra3 Rh1+ 65. Kg3 Rg1+ 66. Kh2 Rg4 67. Kh3 Rg1 68. Ra5 Rh1+ 69. Kg4 Rg1+ 70. Kf4 Rh1 71. Kg3 Rg1+ 72. Kh2 Rg4 73. Kh3 Rg1 74. h5 Rh1+ 75. Kg4 Rg1+ 76. Kf4 Rf1+ 77. Kg3 Rg1+ 78. Kh2 Rg4 79. Kh3 Rg1 80. Rd5 Rh1+ 81. Kg4 Rg1+ 82. Kf5 Rf1+ 83. Ke5 f6+ 84. gxf6+ Rxf6 85. Rd7+ Rf7 86. h6+ Kg6 87. h7 Rxh7 88. Rxh7 Kxh7 1/2-1/2

[Event "Porto Carras op 4th"]
[Site "Porto Carras"]
[Date "2009.07.24"]
[Round "8"]
[White "Giordos, Vasilios"]
[Black "Gamback, Bjorn"]
[Result "0-1"]
[WhiteElo "1949"]
[BlackElo "2182"]
[PlyCount "132"]
[EventDate "2009.07.18"]
[EventType "swiss"]
[EventRounds "9"]
[EventCountry "GRE"]
[SourceTitle "CBM 131 Extra"]
[Source "ChessBase"]
[SourceDate "2009.09.03"]
[SourceVersion "2"]
[SourceVersionDate "2009.09.16"]
[SourceQuality "1"]

1. e4 c5 2. Nf3 e6 3. d4 cxd4 4. Nxd4 a6 5. c4 Nf6 6. Nc3 Qc7 7. Be2 b6 8. a3 Bb7 9. Qd3 d6 10. b3 Nbd7 11. Qc2 Rc8 12. Bb2 Be7 13. 0-0 0-0 14. Rad1 Qb8 15. Kh1 Qa8 16. f3 Rc7 17. Qd2 Rfc8 18. Rc1 Bf8 19. Bd3 Ne5 20. Bb1 Ng6 21. Na4 Nd7 22. Rfe1 Qa7 23. Red1 Nc5 24. Nxc5 dxc5 25. Ne2 Bc6 26. Qc3 b5 27. Ng3 b4 28. Qe3 Qb7 29. a4 Rd7 30. Rd2 Rcd8 31. Rcd1 f6 32. Nh5 Rxd2 33. Rxd2 Rxd2 34. Qxd2 Be7 35. Bc2 Qc7 36. Ng3 Bd6 37. Nf1 Bf4 38. Qd1 Kf7 39. g3 Be5 40. Bc1 Bd4 41. Kg2 Bb7 42. Bd2 Qd6 43. Be3 Ne7 44. Qd3 Nc6 45. Bf4 Qd7 46. Be3 Ke8 47. Nd2 Ne5 48. Qe2 g6 49. Kf2 Qd6 50. h3 Nc6 51. f4 Bxe3+ 52. Qxe3 Nd4 53. Bb1 e5 54. fxe5 fxe5 55. Bd3 Bc8 56. Bf1 Qf6+ 57. Kg2 g5 58. Kh2 g4 59. h4 h6 60. Be2 Qf8 61. Kg2 Qd6 62. Bd1 Kf7 63. Be2 Kg6 64. Bd1 Bd7 65. Be2 Nc2 66. h5+ Kg7 0-1

[Event "Porto Carras op 4th"]
[Site "Porto Carras"]
[Date "2009.07.21"]
[Round "5"]
[White "Spiropoulos, Panayotis"]
[Black "Giordos, Vasilios"]
[Result "1/2-1/2"]
[WhiteElo "2114"]
[BlackElo "1949"]
[PlyCount "64"]
[EventDate "2009.07.18"]
[EventType "swiss"]
[EventRounds "9"]
[EventCountry "GRE"]
[SourceTitle "CBM 131 Extra"]
[Source "ChessBase"]
[SourceDate "2009.09.03"]
[SourceVersion "2"]
[SourceVersionDate "2009.09.16"]
[SourceQuality "1"]

1. e4 c5 2. Nf3 d6 3. d4 cxd4 4. Nxd4 Nf6 5. Nc3 a6 6. Bg5 e6 7. f4 Qb6 8. Qd2 Nc6 9. 0-0-0 Qxd4 10. Qxd4 Nxd4 11. Rxd4 Be7 12. Be2 h6 13. Bh4 Bd7 14. e5 dxe5 15. fxe5 Ng8 16. Ne4 Bxh4 17. Nd6+ Ke7 18. Rxh4 Bc6 19. Bf3 Bxf3 20. gxf3 b5 21. c4 f6 22. cxb5 fxe5 23. Rd1 axb5 24. a3 Nf6 25. Nxb5 g5 26. Rc4 Rhc8 27. Rxc8 Rxc8+ 28. Kd2 e4 29. fxe4 Nxe4+ 30. Ke3 Nf6 31. Rd2 Rc5 32. Nc3 g4 1/2-1/2

[Event "Porto Carras op 4th"]
[Site "Porto Carras"]
[Date "2009.07.19"]
[Round "2"]
[White "Giordos, Vasilios"]
[Black "Hadzimanolis, Antonios"]
[Result "0-1"]
[WhiteElo "1949"]
[BlackElo "2296"]
[PlyCount "67"]
[EventDate "2009.07.18"]
[EventType "swiss"]
[EventRounds "9"]
[EventCountry "GRE"]
[SourceTitle "CBM 131 Extra"]
[Source "ChessBase"]
[SourceDate "2009.09.03"]
[SourceVersion "2"]
[SourceVersionDate "2009.09.16"]
[SourceQuality "1"]

1. e4 e5 2. Nf3 Nc6 3. Bb5 a6 4. Ba4 Nf6 5. 0-0 b5 6. Bb3 Be7 7. Re1 0-0 8. a4 Bb7 9. c3 d6 10. d4 Na5 11. Bc2 Nd7 12. Nbd2 c5 13. Nf1 cxd4 14. cxd4 Qc7 15. Ne3 Nb6 16. axb5 axb5 17. d5 Nac4 18. Rxa8 Rxa8 19. Nxc4 bxc4 20. Be3 Nd7 21. Qd2 Ra2 22. Bb1 Ra1 23. Bc2 Ra2 24. Bb1 Ra1 25. Bc2 Qa5 26. Bb1 f5 27. exf5 Bxd5 28. Qxa5 Rxa5 29. Bd2 Rb5 30. Bc3 Nc5 31. Nd2 Na4 32. Bc2 Nxc3 33. bxc3 Rb2 34. Rc1 0-1

[Event "Ambelokipi op 70th"]
[Site "Athens"]
[Date "2006.05.10"]
[Round "2"]
[White "Draci, Robert"]
[Black "Giordos, Vasilios"]
[Result "1-0"]
[WhiteElo "2236"]
[BlackElo "1922"]
[PlyCount "74"]
[EventDate "2006.05.06"]
[EventType "swiss"]
[EventRounds "7"]
[EventCountry "GRE"]
[SourceTitle "EXT 2007"]
[Source "ChessBase"]
[SourceDate "2006.11.23"]
[SourceVersion "1"]
[SourceVersionDate "2006.11.23"]
[SourceQuality "1"]

1. d4 Nf6 2. Nf3 c5 3. e3 e6 4. Nbd2 Nc6 5. c3 d5 6. Bd3 Qc7 7. 0-0 Bd6 8. e4 dxe4 9. Nxe4 Nxe4 10. Bxe4 cxd4 11. cxd4 0-0 12. Be3 Bd7 13. Rc1 Rfd8 14. a3 Bf4 15. Qb3 Bxe3 16. fxe3 Qb6 17. Qa2 Rac8 18. Rc2 h6 19. Rcf2 Be8 20. Bb1 Rc7 21. b4 Ne7 22. Ne5 Nd5 23. Qd2 Qa6 24. e4 Nc3 25. Bd3 Qxa3 26. d5 exd5 27. Bc2 Qxb4 28. Ng4 Qb6 29. e5 Bb5 30. Re1 h5 31. Qg5 Rdc8 32. Nf6+ Kf8 33. Nh7+ Kg8 34. Nf6+ Kf8 35. Nxh5 Qh6 36. Qg4 Rc4 37. Qf5 R4c6 1-0

[Event "Ambelokipi op 65th"]
[Site "Athens"]
[Date "2005.10.08"]
[Round "7"]
[White "Giordos, Vasilios"]
[Black "Nikolaidou, Eleni"]
[Result "1-0"]
[WhiteElo "1935"]
[BlackElo "1844"]
[PlyCount "95"]
[EventDate "2005.09.17"]
[EventType "swiss"]
[EventRounds "7"]
[EventCountry "GRE"]
[SourceTitle "EXT 2007"]
[Source "ChessBase"]
[SourceDate "2006.11.23"]
[SourceVersion "1"]
[SourceVersionDate "2006.11.23"]
[SourceQuality "1"]

1. e4 c5 2. Nf3 d6 3. d4 cxd4 4. Nxd4 Nf6 5. Nc3 Nc6 6. Be3 Ng4 7. Bg5 h6 8. Bh4 g5 9. Bg3 Bg7 10. Nde2 Qa5 11. Qd2 Nge5 12. Qd5 Qb4 13. Qb5 Bd7 14. 0-0-0 Qxb5 15. Nxb5 Rc8 16. Ned4 a6 17. Nxc6 Nxc6 18. Nc3 Nb4 19. e5 dxe5 20. a3 Nc6 21. Nd5 Nd4 22. Bd3 Be6 23. Nc3 Nf5 24. Be4 Nxg3 25. hxg3 b5 26. Bb7 Rc5 27. Bxa6 0-0 28. Bxb5 Rb8 29. Bd7 Bc4 30. Ne4 Rc7 31. Rd2 e6 32. Rhd1 Bd5 33. Rxd5 exd5 34. Rxd5 Rd8 35. Be6 Rxd5 36. Bxd5 Kf8 37. c4 Ke7 38. g4 Rc8 39. b4 Rh8 40. a4 Rb8 41. b5 Re8 42. a5 Kd7 43. a6 Kc7 44. a7 Rd8 45. a8Q Rxa8 46. Bxa8 Kb6 47. Kc2 Bf8 48. Bd5 1-0